Franklin y Europa (1776-1785) (Record no. 113525)

MARC details
000 -LEADER
campo de control de longitud fija 00874nam a2200217 i 4500
001 - NÚMERO DE CONTROL
campo de control 113525
003 - IDENTIFICADOR DE NÚMERO DE CONTROL
campo de control ES-MaACL
005 - FECHA Y HORA DE LA ÚLTIMA TRANSACCIÓN
campo de control 20250830233824.0
007 - CAMPO FIJO DE DESCRIPCIÓN FÍSICA--INFORMACIÓN GENERAL
campo de control de longitud fija t|
008 - DATOS DE LONGITUD FIJA--INFORMACIÓN GENERAL
campo de control de longitud fija 061121s1957 sp r ||||1| spa d
100 1# - ENTRADA PRINCIPAL--NOMBRE DE PERSONA
Nombre de persona Pabón y Suárez de Urbina, Jesús,
Fechas asociadas al nombre 1902-1976
9 (RLIN) 88103
245 10 - MENCIÓN DEL TÍTULO
Título Franklin y Europa (1776-1785)
Resto del título : estudio leído como conferencia el 15 de novimebre de 1956 /
Mención de responsabilidad, etc. Jesús Pabón.
260 ## - PUBLICACIÓN, DISTRIBUCIÓN, ETC.
Lugar de publicación, distribución, etc. Madrid :
Nombre del editor, distribuidor, etc. Asociación Española de Amigos de los Estados Unidos,
Fecha de publicación, distribución, etc. 1957.
300 ## - DESCRIPCIÓN FÍSICA
Extensión 200 p. ;
Dimensiones 19 cm.
600 14 - PUNTO DE ACCESO ADICIONAL DE MATERIA--NOMBRE DE PERSONA
Nombre de persona Franklin, Benjamin,
Fechas asociadas al nombre 1706-1790
9 (RLIN) 52337
651 #7 - PUNTO DE ACCESO ADICIONAL DE MATERIA--NOMBRE GEOGRÁFICO
Nombre geográfico Estados Unidos-
Subdivisión general Relaciones-
Subdivisión geográfica Europa
Fuente del encabezamiento o término
9 (RLIN) 160779
651 #4 - PUNTO DE ACCESO ADICIONAL DE MATERIA--NOMBRE GEOGRÁFICO
Nombre geográfico Europa-
Subdivisión general Relaciones-
Subdivisión geográfica Estados Unidos.
9 (RLIN) 160780
710 2# - ENTRADA AGREGADA--NOMBRE DE ENTIDAD CORPORATIVA
Nombre de entidad corporativa o nombre de jurisdicción como elemento de entrada Asociación Española de Amigos de los Estados Unidos de Norteamérica
9 (RLIN) 1640
852 ## - LOCALIZACIÓN
Ubicación ES-MaACL
Número de control de estantería C-12291
Sublocalización o colección R.40252
Holdings
Estatus retirado Estado de pérdida Estado de daño No para préstamo Biblioteca de origen Biblioteca actual Ubicación en estantería Fecha de adquisición Fuente de adquisición Total de préstamos Signatura topográfica completa Código de barras Visto por última vez Precio de reemplazo Tipo de ítem Koha
        Biblioteca del Ateneo de Madrid Biblioteca del Ateneo de Madrid Sala Palomar 17/01/2008     C-12291 1118402 23/02/2023 23/02/2023 Libro impreso